[Event "2nd EUR-ch (w)"]
[Site "Warsaw POL"]
[Date "2001.04.23"]
[Round "2.48"]
[White "Bojkovic, Natasa"]
[Black "Jiretorn, Eva"]
[Result "1-0"]
[WhiteElo "2447"]
[BlackElo "2106"]
[EventDate "2001.04.21"]
[PlyCount "127"]

1.e4 c5 2.c3 d5 3.exd5 Qxd5 4.d4 Nc6 5.Nf3 cxd4 6.cxd4 e5 7.Nc3 Bb4 8.Bd2 
Bxc3 9.Bxc3 e4 10.Ne5 Nxe5 11.dxe5 Ne7 12.Qa4+ Bd7 13.Qa3 Bb5 14.Rd1 Bd3 
15.Bxd3 exd3 16.O-O Nc6 17.e6 fxe6 18.Bxg7 Rg8 19.Rxd3 Qe4 20.Re3 Qd5 21.
Rd3 Qe4 22.Re3 Qd5 23.Rg3 O-O-O 24.Bf6 Rde8 25.Bc3 h5 26.Qa4 Rxg3 27.hxg3 
Rd8 28.Re1 Kb8 29.Qf4+ Ka8 30.a3 a6 31.Qe4 Qg5 32.Qxe6 Rg8 33.Bf6 Qg6 34.
Bc3 Qg5 35.Qf7 Ka7 36.Qf6 Qg4 37.Qe6 Rg6 38.Qxg4 hxg4 39.Re4 Kb6 40.Be1 
Kc5 41.f3 Kd5 42.Kf2 Ne5 43.Bc3 Nd3+ 44.Ke3 Nc5 45.Rd4+ Kc6 46.Rxg4 Re6+ 
47.Kd2 Nb3+ 48.Kc2 Nc5 49.Rd4 b5 50.g4 Re2+ 51.Rd2 Re6 52.g5 Nb7 53.g4 Nd6
54.Rh2 Kd5 55.Kd3 Nc4 56.Re2 Rg6 57.Bf6 Rg8 58.f4 a5 59.f5 a4 60.g6 Nd6 
61.Bc3 Kc6 62.g7 Nf7 63.Bf6 Rd8+ 64.Kc2 1-0

[Event "2nd EUR-ch (w)"]
[Site "Warsaw POL"]
[Date "2001.04.23"]
[Round "2.52"]
[White "Kucypera, Anna"]
[Black "Lopatskaya, Elena"]
[Result "0-1"]
[WhiteElo "2145"]
[BlackElo "2323"]
[EventDate "2001.04.21"]
[PlyCount "76"]

1.e4 d6 2.d4 Nf6 3.Nc3 g6 4.Bc4 Bg7 5.Qe2 c6 6.e5 Nd5 7.Nf3 Nxc3 8.bxc3 
O-O 9.O-O Bg4 10.exd6 exd6 11.h3 Bxf3 12.Qxf3 Nd7 13.Bf4 d5 14.Bd3 Re8 15.
Rab1 b5 16.Rfe1 Qa5 17.Be2 Qxa2 18.Qd3 Qa3 19.Ra1 Qe7 20.Ra6 Nb6 21.Qg3 
Qb7 22.Raa1 a5 23.h4 h5 24.Bg5 Kh8 25.Bf3 Nc4 26.Qf4 Kh7 27.g4 hxg4 28.
Bxg4 f6 29.Bxf6 Rf8 30.Re6 Qf7 31.Rxc6 Ra7 32.h5 Bxf6 33.hxg6+ Qxg6 34.Kg2
Rg7 35.f3 Kg8 36.Rc1 a4 37.Rf1 Qxc2+ 38.Rf2 Qxf2+ 0-1

[Event "2nd EUR-ch (w)"]
[Site "Warsaw POL"]
[Date "2001.04.23"]
[Round "2.53"]
[White "Kulish, Irina"]
[Black "Rantanen, Tanja"]
[Result "1-0"]
[WhiteElo "2302"]
[BlackElo "2149"]
[EventDate "2001.04.21"]
[PlyCount "61"]

1.e4 e5 2.Nf3 Nf6 3.Nc3 Bb4 4.Nxe5 O-O 5.Nd3 Bxc3 6.dxc3 Nxe4 7.Be2 d5 8.
O-O c6 9.Nf4 Nd7 10.c4 dxc4 11.Bxc4 Ne5 12.Qxd8 Rxd8 13.Be2 Bf5 14.g4 Bd7 
15.f3 Ng5 16.Nd3 Nxd3 17.Bxg5 f6 18.Bxf6 gxf6 19.Bxd3 f5 20.h3 Kg7 21.Rae1
Kf6 22.Kf2 h5 23.Kg3 Rg8 24.Kf4 Rad8 25.gxf5 Bc8 26.Rg1 Rd4+ 27.Ke3 Rxg1 
28.Rxg1 Rh4 29.Rg6+ Ke5 30.Rg8 Bxf5 31.Rg5 1-0

[Event "2nd EUR-ch (w)"]
[Site "Warsaw POL"]
[Date "2001.04.23"]
[Round "2.54"]
[White "Iwaniuk, Dorota"]
[Black "Saljova-Orsagova, Silvie"]
[Result "1-0"]
[WhiteElo "2266"]
[BlackElo "2142"]
[EventDate "2001.04.21"]
[PlyCount "53"]

1.e4 d5 2.exd5 Qxd5 3.Nc3 Qa5 4.d4 Nf6 5.Bc4 c6 6.Bd2 Bf5 7.Nd5 Qd8 8.
Nxf6+ gxf6 9.Bf4 Rg8 10.Bg3 e6 11.Nf3 Bg4 12.c3 Qb6 13.Bb3 Qb5 14.d5 exd5 
15.Nd4 Qa6 16.f3 Bd7 17.Qd2 c5 18.Ne2 c4 19.Bc2 Qb6 20.O-O-O Be6 21.Rhe1 
Na6 22.Ba4+ Kd8 23.Nf4 Rg5 24.Nxd5 Nc5 25.Nxb6+ Nd3+ 26.Qxd3+ cxd3 27.
Rxd3+ 1-0

[Event "2nd EUR-ch (w)"]
[Site "Warsaw POL"]
[Date "2001.04.23"]
[Round "2.56"]
[White "Lomakina, Galia"]
[Black "Nill, Jessica"]
[Result "1/2-1/2"]
[WhiteElo "2134"]
[BlackElo "2263"]
[EventDate "2001.04.21"]
[PlyCount "105"]

1.Nf3 d5 2.b3 Bf5 3.Bb2 e6 4.e3 Nf6 5.Be2 h6 6.O-O Bd6 7.d3 O-O 8.c4 c6 9.
Re1 Re8 10.Nc3 a6 11.Qc2 Bh7 12.e4 dxe4 13.dxe4 Qc7 14.Bf1 Nbd7 15.g3 Rad8
16.Bg2 a5 17.a3 e5 18.Rad1 Nf8 19.Na4 b5 20.c5 bxa4 21.cxd6 Rxd6 22.Rxd6 
Qxd6 23.bxa4 N8d7 24.Nd2 Nc5 25.Nf1 Bg6 26.f3 Rb8 27.Bc3 Nd3 28.Re2 c5 29.
Ne3 Qa6 30.Bf1 c4 31.Bd2 Rc8 32.Qc3 Rc5 33.Rg2 Nd7 34.Nd5 Rxd5 35.exd5 
Qb6+ 36.Kh1 Nf2+ 37.Rxf2 Qxf2 38.Bxc4 Nb6 39.Be1 Qc5 40.Ba2 Qd6 41.Qb3 Qc5
42.Kg2 Nd7 43.Qc3 Qd6 44.Bf2 e4 45.f4 Bh5 46.Bd4 Bf3+ 47.Kf2 Nf6 48.Bxf6 
gxf6 49.Ke3 Qb6+ 50.Qd4 Qd6 51.Qc3 Qb6+ 52.Qd4 Qd6 53.Qc3 1/2-1/2

[Event "2nd EUR-ch (w)"]
[Site "Warsaw POL"]
[Date "2001.04.23"]
[Round "2.58"]
[White "Baklanova, Tatiana"]
[Black "Szymanowska, Karolina"]
[Result "1-0"]
[WhiteElo "2257"]
[BlackElo "2130"]
[EventDate "2001.04.21"]
[PlyCount "59"]

1.d4 Nf6 2.c4 g6 3.Nc3 d5 4.cxd5 Nxd5 5.Bd2 Bg7 6.e4 Nb6 7.Be3 O-O 8.Be2 
e5 9.Nf3 exd4 10.Nxd4 N8d7 11.Rc1 c6 12.O-O Qe7 13.Qc2 Ne5 14.b3 c5 15.Nf3
Nxf3+ 16.Bxf3 Bd4 17.Bxd4 cxd4 18.Nb5 Qe5 19.Qd3 Rd8 20.Rfd1 a5 21.Nxd4 a4
22.Qe3 Be6 23.Be2 axb3 24.axb3 Nd7 25.f4 Qg7 26.Rc7 Rac8 27.Nxe6 fxe6 28.
Rxb7 Rb8 29.Qa7 Rbc8 30.Bb5 1-0

[Event "2nd EUR-ch (w)"]
[Site "Warsaw POL"]
[Date "2001.04.23"]
[Round "2.59"]
[White "Costagliola, Marina"]
[Black "Milligan, Helen"]
[Result "1-0"]
[WhiteElo "2254"]
[BlackElo "2124"]
[EventDate "2001.04.21"]
[PlyCount "153"]

1.e4 c5 2.Nc3 Nc6 3.g3 g6 4.Bg2 Bg7 5.d3 d6 6.Be3 e6 7.Qd2 Qa5 8.Nf3 Nd4 
9.Nh4 Ne7 10.O-O O-O 11.Nd5 Qd8 12.Nxe7+ Qxe7 13.c3 Nc6 14.d4 cxd4 15.cxd4
Bd7 16.Rac1 Rac8 17.f4 b6 18.b3 Rfe8 19.Kh1 Na5 20.Rxc8 Rxc8 21.Nf3 Bb5 
22.Rc1 Rxc1+ 23.Qxc1 Qd7 24.d5 exd5 25.exd5 Nb7 26.Nd4 Nc5 27.Nc6 a5 28.
Bd4 Qe8 29.Bxg7 Kxg7 30.Qc3+ f6 31.Nd4 Bd7 32.a3 h5 33.b4 axb4 34.axb4 Na4
35.Qc1 Nb2 36.h3 Nd3 37.Qd2 Qe1+ 38.Qxe1 Nxe1 39.Be4 Bxh3 40.Kg1 Bf5 41.
Bxf5 gxf5 42.Nxf5+ Kf8 43.Nxd6 Nc2 44.Nc8 b5 45.Na7 Nxb4 46.d6 Ke8 47.Kh2 
Kd7 48.Nxb5 Kc6 49.Nc3 Kxd6 50.Kh3 Ke6 51.Kh4 Nc6 52.Kxh5 Ne7 53.g4 Kf7 
54.Kh6 Ng6 55.Nd5 Nf8 56.Ne3 Ng6 57.Ng2 Nf8 58.Nh4 Ne6 59.Ng6 Nc7 60.Kh7 
Nd5 61.Kh6 Nc7 62.Nh8+ Kg8 63.Ng6 Kf7 64.f5 Nd5 65.Kh5 Kg7 66.Kh4 Nc3 67.
Kg3 Ne4+ 68.Kf4 Ng5 69.Ke3 Nh3 70.Nf4 Ng5 71.Ne6+ Kh6 72.Nxg5 Kxg5 73.Kf3 
Kh6 74.Ke4 Kg5 75.Kf3 Kh6 76.Kf4 Kh7 77.Ke4 1-0

[Event "2nd EUR-ch (w)"]
[Site "Warsaw POL"]
[Date "2001.04.23"]
[Round "2.60"]
[White "Andersson, Christin"]
[Black "Bogza, Adina"]
[Result "0-1"]
[WhiteElo "2115"]
[BlackElo "2252"]
[EventDate "2001.04.21"]
[PlyCount "70"]

1.e4 d6 2.d4 Nf6 3.Nc3 g6 4.Be3 Bg7 5.h3 c6 6.Nf3 O-O 7.Bd3 Qc7 8.O-O e5 
9.dxe5 dxe5 10.Qe2 Nbd7 11.a4 Nh5 12.Bc4 Nf4 13.Qd2 Nb6 14.Bxb6 axb6 15.
Rad1 Be6 16.Bxe6 Nxe6 17.Qd7 Qxd7 18.Rxd7 Nc5 19.Rc7 Bf6 20.b4 Bd8 21.Rxf7
Kxf7 22.bxc5 Ke6 23.cxb6 Ra6 24.Rb1 h6 25.Rb4 Rxb6 26.Rc4 Be7 27.Kf1 Rb4 
28.Nd2 Rd8 29.Rxb4 Bxb4 30.Ndb1 Bxc3 31.Nxc3 Rd2 32.a5 Rxc2 33.Na4 Rc4 34.
Nb6 Rc5 35.Ke2 Rxa5 0-1

[Event "2nd EUR-ch (w)"]
[Site "Warsaw POL"]
[Date "2001.04.23"]
[Round "2.61"]
[White "Khmiadashvili, Tamara"]
[Black "Reszka, Malgorzata"]
[Result "1-0"]
[WhiteElo "2241"]
[BlackElo "2119"]
[EventDate "2001.04.21"]
[PlyCount "89"]

1.e4 c6 2.d4 d5 3.exd5 cxd5 4.Bd3 Nc6 5.c3 Nf6 6.Qe2 Bg4 7.f3 Bh5 8.Nh3 
Bg6 9.Nf4 Rc8 10.O-O Nh5 11.Nxh5 Bxh5 12.Bf4 e6 13.Nd2 Bg6 14.Bg3 Qb6 15.
Nb3 a5 16.Bb5 Be7 17.Bf2 O-O 18.a4 Na7 19.Nc5 Bxc5 20.dxc5 Qc7 21.Rfe1 
Rfd8 22.Kh1 Ra8 23.Bd4 Nc6 24.Bxc6 Qxc6 25.Qe5 f6 26.Qxe6+ Qxe6 27.Rxe6 
Re8 28.Rb6 Re7 29.h4 Be8 30.Kh2 Bc6 31.Kg3 Kf7 32.h5 h6 33.Kf4 Ke8 34.g4 
Kd8 35.b4 axb4 36.cxb4 Rxa4 37.Rxa4 Bxa4 38.b5 Rc7 39.Ke3 Ke7 40.Kd2 Kf7 
41.f4 Kf8 42.c6 bxc6 43.Rb8+ Kf7 44.b6 Re7 45.Bc5 1-0

[Event "2nd EUR-ch (w)"]
[Site "Warsaw POL"]
[Date "2001.04.23"]
[Round "2.62"]
[White "Toma, Katarzyna"]
[Black "Krupkova, Petra"]
[Result "0-1"]
[WhiteElo "2101"]
[BlackElo "2249"]
[EventDate "2001.04.21"]
[PlyCount "72"]

1.e4 c5 2.Nc3 d6 3.Nf3 Nf6 4.d4 cxd4 5.Nxd4 a6 6.Be3 e6 7.Qd2 b5 8.f3 Nbd7
9.O-O-O Bb7 10.g4 h6 11.h4 b4 12.Nce2 d5 13.Bh3 dxe4 14.Ng3 exf3 15.g5 
hxg5 16.hxg5 Ne4 17.Nxe4 Bxe4 18.Nxe6 fxe6 19.Bxe6 Nc5 20.Rxh8 Qxd2+ 21.
Bxd2 Nxe6 22.Bxb4 Kf7 23.Bxf8 Rxf8 24.Rxf8+ Kxf8 25.Kd2 Nxg5 26.Ke3 Bc6 
27.c4 Nh3 28.b4 f2 29.Ke2 g5 30.Rb1 g4 31.b5 Bf3+ 32.Ke3 axb5 33.cxb5 Bb7 
34.a4 g3 35.a5 g2 36.a6 g1=Q 0-1

[Event "2nd EUR-ch (w)"]
[Site "Warsaw POL"]
[Date "2001.04.23"]
[Round "2.63"]
[White "Khasanova, Elmira"]
[Black "Guzik, Jolanta"]
[Result "1/2-1/2"]
[WhiteElo "2249"]
[BlackElo "2111"]
[EventDate "2001.04.21"]
[PlyCount "98"]

1.d4 d5 2.Nf3 Nf6 3.Bf4 e6 4.e3 Nbd7 5.Bd3 Be7 6.Nbd2 O-O 7.O-O Re8 8.Ne5 
Nxe5 9.Bxe5 Nd7 10.Bg3 Bf6 11.f4 c5 12.c3 g6 13.Nf3 b6 14.Ne5 a6 15.Qg4 
Bg7 16.h4 Nf6 17.Qf3 Bb7 18.Be1 Qc8 19.g4 Ne4 20.g5 Qc7 21.Ng4 Qe7 22.Nf2 
Nd6 23.h5 Bc6 24.hxg6 hxg6 25.Ng4 Ne4 26.Qh3 Bb5 27.Rd1 Bxd3 28.Rxd3 b5 
29.Kg2 cxd4 30.exd4 Qc7 31.Bh4 Kf8 32.Nf6 Bxf6 33.gxf6 Rec8 34.Bg5 Ke8 35.
Qh7 Nd6 36.Qh3 Kd7 37.Re1 Ne4 38.Qg4 Rh8 39.Rh3 Rae8 40.Reh1 Qc8 41.Qe2 
Rxh3 42.Rxh3 Rh8 43.Rxh8 Qxh8 44.a4 Kc6 45.Qd1 Nxf6 46.axb5+ axb5 47.Qa1 
Nd7 48.Qa6+ Nb6 49.Qa3 Nd7 1/2-1/2

[Event "2nd EUR-ch (w)"]
[Site "Warsaw POL"]
[Date "2001.04.23"]
[Round "2.64"]
[White "Hagesather, Ellen"]
[Black "Erenska, Hanna"]
[Result "1/2-1/2"]
[WhiteElo "2093"]
[BlackElo "2246"]
[EventDate "2001.04.21"]
[PlyCount "79"]

1.Nf3 c5 2.g3 b6 3.Bg2 Bb7 4.O-O e6 5.d3 Nf6 6.e4 d6 7.Nbd2 Nbd7 8.a4 a6 
9.Nh4 Qc7 10.f4 Be7 11.Ndf3 O-O-O 12.Ng5 Rdf8 13.Bh3 Kb8 14.Nxf7 Rxf7 15.
Bxe6 Rhf8 16.Nf3 Ne8 17.Bxf7 Rxf7 18.c3 c4 19.Be3 h6 20.Nd4 Nef6 21.dxc4 
Qxc4 22.e5 Qd5 23.Nf3 Ng4 24.Qxd5 Bxd5 25.exd6 Nxe3 26.dxe7 Rxe7 27.Rae1 
Kc7 28.Nd4 Nc5 29.Nc2 Nf5 30.Rxe7+ Nxe7 31.Re1 Kd7 32.Nb4 Bb3 33.Re2 a5 
34.Nc2 Nxa4 35.Nd4 Bf7 36.Rd2 Kc7 37.Re2 Kd7 38.Rd2 Kc7 39.Re2 Kd7 40.Rd2 
1/2-1/2

[Event "2nd EUR-ch (w)"]
[Site "Warsaw POL"]
[Date "2001.04.23"]
[Round "2.65"]
[White "Sasu-Ducsoara, Andreea"]
[Black "Sosnowska, Elzbieta"]
[Result "1-0"]
[WhiteElo "2240"]
[BlackElo "2095"]
[EventDate "2001.04.21"]
[PlyCount "55"]

1.d4 d5 2.Nc3 e6 3.e4 dxe4 4.Nxe4 Be7 5.Nf3 Nf6 6.Bd3 Nbd7 7.Qe2 O-O 8.Bg5
c5 9.O-O-O Nxe4 10.Bxe7 Qxe7 11.Qxe4 Nf6 12.Qh4 Re8 13.g4 g6 14.g5 Nh5 15.
Ne5 h6 16.Rhg1 cxd4 17.Nxg6 fxg6 18.Bxg6 Ng7 19.Bxe8 hxg5 20.Qxg5 Qxg5+ 
21.Rxg5 Kf8 22.Bg6 Ke7 23.Rxd4 Kf6 24.Rg1 e5 25.Rd8 Ne6 26.Re8 Nf4 27.Bd3 
b6 28.Rgg8 1-0

[Event "2nd EUR-ch (w)"]
[Site "Warsaw POL"]
[Date "2001.04.23"]
[Round "2.66"]
[White "Sikorova, Olga"]
[Black "Baskite, Viktoria"]
[Result "1-0"]
[WhiteElo "2236"]
[BlackElo "2073"]
[EventDate "2001.04.21"]
[PlyCount "61"]

1.e4 e6 2.d4 d5 3.e5 c5 4.c3 Qb6 5.Nf3 Bd7 6.a3 Nc6 7.b4 cxd4 8.cxd4 Rc8 
9.Be3 Nh6 10.Bd3 Ng4 11.O-O Nxe3 12.fxe3 Be7 13.Nbd2 f5 14.exf6 Bxf6 15.
Nb3 O-O 16.Nc5 Qc7 17.Rc1 b6 18.Nxd7 Qxd7 19.Bb5 Qb7 20.Qd3 Nb8 21.Rxc8 
Rxc8 22.g4 h6 23.Ne5 Qe7 24.Qg6 Bxe5 25.Bd3 Bf6 26.Qh7+ Kf8 27.Qh8+ Kf7 
28.Qxc8 Nd7 29.Rc1 Qd8 30.Qb7 Be7 31.Rc8 1-0

[Event "2nd EUR-ch (w)"]
[Site "Warsaw POL"]
[Date "2001.04.23"]
[Round "2.67"]
[White "Zawadzka, Magdalena"]
[Black "Moshina, Cristina"]
[Result "1/2-1/2"]
[WhiteElo "2050"]
[BlackElo "2235"]
[EventDate "2001.04.21"]
[PlyCount "76"]

1.e4 c5 2.Nf3 Nc6 3.d4 cxd4 4.Nxd4 Nf6 5.Nc3 e5 6.Ndb5 d6 7.Bg5 a6 8.Na3 
b5 9.Nd5 Be7 10.Bxf6 Bxf6 11.c3 Bg5 12.Nc2 O-O 13.a4 bxa4 14.Rxa4 a5 15.
Bc4 Rb8 16.b3 Kh8 17.O-O g6 18.Kh1 Be6 19.Nce3 f5 20.exf5 gxf5 21.f4 Bh6 
22.Qh5 Bg7 23.Rd1 Qd7 24.Re1 Kg8 25.g3 Qb7 26.Kg1 exf4 27.gxf4 Rbe8 28.Kf2
Qa7 29.Rg1 Kh8 30.Rg3 Ne5 31.Rh3 h6 32.Kf1 Nxc4 33.Rxc4 Bxd5 34.Nxd5 Qb7 
35.Qg6 Qxd5 36.Rxh6+ Bxh6 37.Qxh6+ Kg8 38.Qg6+ Kh8 1/2-1/2

[Event "2nd EUR-ch (w)"]
[Site "Warsaw POL"]
[Date "2001.04.23"]
[Round "2.68"]
[White "Grosar, Kiti"]
[Black "Grigoryan, Meri"]
[Result "1-0"]
[WhiteElo "2244"]
[BlackElo "2052"]
[EventDate "2001.04.21"]
[PlyCount "57"]

1.e4 c6 2.d4 d5 3.Nd2 dxe4 4.Nxe4 Bf5 5.Ng3 Bg6 6.Nf3 h6 7.Ne5 Qd6 8.Nxg6 
Qxg6 9.Bd3 Qd6 10.Nf5 Qc7 11.O-O e6 12.Re1 Nd7 13.c4 Ne7 14.Ng3 Nf6 15.Nh5
Nxh5 16.Qxh5 g6 17.Qf3 Bg7 18.d5 cxd5 19.cxd5 Qa5 20.Bf4 Nxd5 21.Bd6 Bxb2 
22.Rab1 O-O-O 23.Bg3 Rd7 24.Qe2 Ba3 25.Qe5 Bd6 26.Qxh8+ Rd8 27.Rec1+ Nc7 
28.Qc3 Qd5 29.Be4 1-0

[Event "2nd EUR-ch (w)"]
[Site "Warsaw POL"]
[Date "2001.04.23"]
[Round "2.69"]
[White "Dolzhikova, Olga"]
[Black "Ornstein, Petra"]
[Result "1-0"]
[WhiteElo "2229"]
[BlackElo "2035"]
[EventDate "2001.04.21"]
[PlyCount "43"]

1.e4 c5 2.c3 d6 3.d4 Nf6 4.Bd3 Nc6 5.Nf3 Bg4 6.d5 Ne5 7.Nxe5 dxe5 8.Qb3 
Qc7 9.Nd2 a6 10.a4 Rc8 11.Nc4 e6 12.Nb6 exd5 13.exd5 Rd8 14.h3 Bh5 15.a5 
Bd6 16.Qa4+ Ke7 17.Bg5 Bg6 18.Bxg6 hxg6 19.O-O-O Kf8 20.Rhe1 Re8 21.Kb1 
Ng8 22.Nd7+ 1-0

[Event "2nd EUR-ch (w)"]
[Site "Warsaw POL"]
[Date "2001.04.23"]
[Round "2.70"]
[White "Pokojska, Daria"]
[Black "Mamedyarova, Zeinab"]
[Result "0-1"]
[WhiteElo "2037"]
[BlackElo "2226"]
[EventDate "2001.04.21"]
[PlyCount "100"]

1.c4 Nf6 2.Nc3 g6 3.g3 Bg7 4.Bg2 d6 5.d4 O-O 6.Nf3 Nc6 7.O-O a6 8.e4 Rb8 
9.d5 Na5 10.Qd3 c5 11.Rb1 b5 12.cxb5 axb5 13.b4 cxb4 14.Rxb4 Nd7 15.Nxb5 
Nc5 16.Qb1 Na6 17.Rb2 Bxb2 18.Qxb2 f6 19.Nfd4 Bd7 20.a4 Qb6 21.Be3 Nc4 22.
Qe2 Nxe3 23.Qxe3 Nc5 24.Nc3 Qa6 25.h4 Qd3 26.Qxd3 Nxd3 27.a5 Rfc8 28.Nce2 
Rb4 29.Rd1 Nc5 30.Nc6 Bxc6 31.dxc6 Rxc6 32.e5 Ra6 33.exf6 exf6 34.Nc3 Kg7 
35.Bf1 Rxa5 36.Rxd6 Ra7 37.Nd5 Rb1 38.Kg2 f5 39.Rc6 Ne4 40.Bd3 Rb2 41.Bxe4
fxe4 42.Rc4 Rf7 43.Rxe4 Rfxf2+ 44.Kg1 Rg2+ 45.Kf1 Rxg3 46.Re7+ Kf8 47.Re4 
Ra3 48.Re1 Rf3+ 49.Kg1 Rg3+ 50.Kf1 Rh3 0-1

[Event "2nd EUR-ch (w)"]
[Site "Warsaw POL"]
[Date "2001.04.23"]
[Round "2.71"]
[White "Morkunaite, Egle"]
[Black "Tetenkina, Irina"]
[Result "1/2-1/2"]
[WhiteElo "2028"]
[BlackElo "2221"]
[EventDate "2001.04.21"]
[PlyCount "60"]

1.e4 e6 2.d4 d5 3.Nd2 dxe4 4.Nxe4 Nd7 5.Nf3 Ngf6 6.Nxf6+ Nxf6 7.Bd3 c5 8.
O-O cxd4 9.Nxd4 Bc5 10.Nb3 Be7 11.Qf3 O-O 12.Bf4 Qd5 13.Qe2 Qh5 14.Rfd1 
Qxe2 15.Bxe2 Bd7 16.Bf3 Rac8 17.Nd4 Nd5 18.Bxd5 exd5 19.c3 Bf6 20.Rd2 Rc4 
21.Ne2 Re8 22.Be3 Rce4 23.h3 Bg5 24.Bxg5 Rxe2 25.Rad1 h6 26.Be3 Rxd2 27.
Rxd2 Bc6 28.Bxa7 Ra8 29.Bc5 Rxa2 30.Kh2 Kh7 1/2-1/2

[Event "2nd EUR-ch (w)"]
[Site "Warsaw POL"]
[Date "2001.04.23"]
[Round "2.72"]
[White "Matras, Agnieszka"]
[Black "Apanaviciute, Kristina"]
[Result "1/2-1/2"]
[WhiteElo "2220"]
[BlackElo "2019"]
[EventDate "2001.04.21"]
[PlyCount "57"]

1.e4 e5 2.Nf3 Nf6 3.Nxe5 d6 4.Nf3 Nxe4 5.d4 d5 6.Bd3 Nc6 7.O-O Be7 8.c4 
Nb4 9.Be2 O-O 10.a3 Nc6 11.cxd5 Qxd5 12.Nc3 Nxc3 13.bxc3 Bf6 14.Bf4 Qd8 
15.Ra2 Be6 16.Rd2 Ne7 17.c4 c6 18.Ne5 Qa5 19.a4 Rad8 20.Ng4 Bg5 21.Bxg5 
Qxg5 22.f4 Qa5 23.Ne3 Nf5 24.Nxf5 Bxf5 25.Bf3 Qc3 26.Be2 Qa5 27.Bf3 Qc3 
28.Be2 Qa5 29.Bf3 1/2-1/2

[Event "2nd EUR-ch (w)"]
[Site "Warsaw POL"]
[Date "2001.04.24"]
[Round "3.3"]
[White "Kononenko, Tatiana"]
[Black "Skripchenko-Lautier, Almira"]
[Result "1/2-1/2"]
[WhiteElo "2361"]
[BlackElo "2441"]
[EventDate "2001.04.21"]
[PlyCount "56"]

1.d4 d5 2.Nf3 c5 3.c3 e6 4.Bf4 Nc6 5.e3 Bd6 6.Bxd6 Qxd6 7.Bd3 Nf6 8.Nbd2 
O-O 9.O-O e5 10.dxe5 Nxe5 11.Nxe5 Qxe5 12.h3 b6 13.Qe2 Re8 14.Rfe1 Bb7 15.
Ba6 Bc6 16.Bb5 Bxb5 17.Qxb5 Re6 18.c4 h6 19.Nf3 Qc7 20.cxd5 Nxd5 21.Rad1 
Nf6 22.Qc4 Rae8 23.Rd3 Qc6 24.Red1 b5 25.Qc2 Qb6 26.b3 a5 27.Nd2 Re5 28.
Nf3 R5e6 1/2-1/2

[Event "2nd EUR-ch (w)"]
[Site "Warsaw POL"]
[Date "2001.04.24"]
[Round "3.4"]
[White "Graf-Mamedova, Rena"]
[Black "Stepovaya-Dianchenko, Tatiana"]
[Result "1-0"]
[WhiteElo "2353"]
[BlackElo "2440"]
[EventDate "2001.04.21"]
[PlyCount "91"]

1.d4 d6 2.e4 Nf6 3.f3 e5 4.Ne2 Be7 5.Be3 O-O 6.d5 c6 7.c4 a6 8.Nbc3 b5 9.
Ng3 b4 10.Na4 c5 11.b3 Bd7 12.Nb2 a5 13.a4 bxa3 14.Rxa3 Ne8 15.Qd2 g6 16.
Bh6 Ng7 17.Bd3 Na6 18.Rxa5 Qb6 19.Bc2 Nb4 20.Rxa8 Nxc2+ 21.Qxc2 Rxa8 22.
Ne2 Rb8 23.Nc1 Nh5 24.Be3 f5 25.O-O f4 26.Bf2 Qb7 27.Nbd3 g5 28.h3 Nf6 29.
Be1 h5 30.b4 cxb4 31.Bxb4 g4 32.c5 dxc5 33.Bc3 gxh3 34.Bxe5 Rc8 35.Nxf4 
Bb5 36.Rd1 Nd7 37.Bc3 h2+ 38.Kh1 Qa6 39.e5 Ba4 40.Qa2 c4 41.d6 Bg5 42.Nxh5
Qb5 43.Re1 Nc5 44.Qe2 Re8 45.f4 Bd8 46.Qg4+ 1-0

[Event "2nd EUR-ch (w)"]
[Site "Warsaw POL"]
[Date "2001.04.24"]
[Round "3.5"]
[White "Vasylevich, Tatiana"]
[Black "Dworakowska, Joanna"]
[Result "1/2-1/2"]
[WhiteElo "2438"]
[BlackElo "2360"]
[EventDate "2001.04.21"]
[PlyCount "78"]

1.d4 f5 2.Nf3 Nf6 3.g3 g6 4.Bg2 Bg7 5.O-O O-O 6.b4 d6 7.Bb2 c6 8.c4 Kh8 9.
Nbd2 Be6 10.a4 a6 11.Qc2 Bg8 12.Rae1 Nbd7 13.Ng5 e5 14.dxe5 dxe5 15.e4 f4 
16.gxf4 Nh5 17.Nh3 Nxf4 18.Nxf4 Rxf4 19.Rd1 Qe7 20.c5 Nf6 21.Nc4 Bxc4 22.
Qxc4 Nh5 23.Bc1 Rf7 24.Rd6 Raf8 25.Be3 Nf4 26.Bxf4 Rxf4 27.Qd3 R4f7 28.f3 
Bh6 29.Rd1 Qh4 30.Qe2 Bf4 31.h3 Qg5 32.R1d3 Bg3 33.Qd2 Bf4 34.Qe2 Bg3 35.
Qd2 Qxd2 36.Rxd2 Be1 37.Rb2 Bc3 38.Rb3 Bd4+ 39.Kf1 Kg7 1/2-1/2

[Event "2nd EUR-ch (w)"]
[Site "Warsaw POL"]
[Date "2001.04.24"]
[Round "3.6"]
[White "Hunt, Harriet"]
[Black "Radziewicz, Iweta"]
[Result "1/2-1/2"]
[WhiteElo "2426"]
[BlackElo "2345"]
[EventDate "2001.04.21"]
[PlyCount "62"]

1.e4 e6 2.d4 d5 3.Nd2 Nf6 4.e5 Nfd7 5.c3 c5 6.Bd3 Nc6 7.Ne2 Qb6 8.Nf3 cxd4
9.cxd4 f6 10.exf6 Nxf6 11.O-O Bd6 12.b3 O-O 13.Bf4 Bxf4 14.Nxf4 Ne4 15.g3 
Bd7 16.Bxe4 dxe4 17.Ne5 Nxe5 18.dxe5 Bb5 19.Re1 Rf5 20.Qd6 g5 21.Qxb6 axb6
22.Nxe6 Bc6 23.Nd4 Rxe5 24.a4 Rd8 25.Nc2 Rd3 26.Rab1 Be8 27.Ne3 Bh5 28.g4 
Bf7 29.Nc4 Re6 30.Re3 h5 31.gxh5 Rxe3 1/2-1/2

[Event "2nd EUR-ch (w)"]
[Site "Warsaw POL"]
[Date "2001.04.24"]
[Round "3.11"]
[White "Zayats, Elena"]
[Black "Dimitrijevic, Aleksandra"]
[Result "0-1"]
[WhiteElo "2376"]
[BlackElo "2152"]
[EventDate "2001.04.21"]
[PlyCount "56"]

1.d4 Nf6 2.c4 g6 3.Nc3 Bg7 4.e4 d6 5.Be2 O-O 6.Bg5 c5 7.d5 Qa5 8.Qd2 a6 9.
f3 Bd7 10.a4 Re8 11.Ra3 Ra7 12.Bd3 e6 13.Nge2 exd5 14.cxd5 Qc7 15.b3 b5 
16.axb5 axb5 17.Rxa7 Qxa7 18.Bxb5 Bxb5 19.Nxb5 Qa1+ 20.Nc1 Qa6 21.Nc7 Nxe4
22.fxe4 Rxe4+ 23.Kf2 Qc8 24.Re1 Qf5+ 25.Kg1 Bd4+ 26.Be3 Rxe3 27.Kh1 Nd7 
28.Rd1 Nf6 0-1

[Event "2nd EUR-ch (w)"]
[Site "Warsaw POL"]
[Date "2001.04.24"]
[Round "3.12"]
[White "Kiseleva, Natalia"]
[Black "Peptan, Corina-Isabela"]
[Result "1/2-1/2"]
[WhiteElo "2296"]
[BlackElo "2461"]
[EventDate "2001.04.21"]
[PlyCount "89"]

1.d4 Nf6 2.c4 e6 3.Nf3 b6 4.g3 Ba6 5.Nbd2 c5 6.e4 cxd4 7.e5 Ng4 8.h3 Nh6 
9.Bg2 Bb7 10.O-O d6 11.exd6 Bxd6 12.Nb3 Nf5 13.g4 Ne7 14.Nbxd4 a6 15.Ng5 
Bxg2 16.Kxg2 O-O 17.Ndxe6 fxe6 18.Nxe6 Qd7 19.Nxf8 Qc6+ 20.Qf3 Qxf3+ 21.
Kxf3 Kxf8 22.Rd1 Be5 23.Rd8+ Kf7 24.Bf4 Nec6 25.Rc8 Ne7 26.Rd8 Nec6 27.Rd5
Bxb2 28.Re1 g6 29.Rb1 Bd4 30.Bc7 b5 31.cxb5 axb5 32.Bxb8 Rxb8 33.Rbxb5 Rf8
34.Ke4 Re8+ 35.Kd3 Bxf2 36.Rd7+ Ne7 37.Rbb7 Bc5 38.Kc4 Ba3 39.Kb3 Bc5 40.
a4 Ke6 41.Rd1 Rf8 42.Kc4 Bf2 43.Rd2 Rf4+ 44.Kb3 Nd5 45.Rb5 1/2-1/2

[Event "2nd EUR-ch (w)"]
[Site "Warsaw POL"]
[Date "2001.04.24"]
[Round "3.13"]
[White "Socko, Monika"]
[Black "Kovalevskaya, Ekaterina"]
[Result "0-1"]
[WhiteElo "2351"]
[BlackElo "2506"]
[EventDate "2001.04.21"]
[PlyCount "120"]

1.d4 Nf6 2.c4 d6 3.Nf3 g6 4.g3 Bg7 5.Bg2 O-O 6.O-O Nbd7 7.Qc2 e5 8.Rd1 Re8
9.e4 exd4 10.Nxd4 Nc5 11.Nc3 a5 12.b3 c6 13.f3 Nfd7 14.Rb1 Qb6 15.Be3 f5 
16.Nde2 Qc7 17.Qd2 fxe4 18.f4 Bf8 19.Bd4 Qd8 20.a3 a4 21.b4 Nb3 22.Rxb3 
axb3 23.Nxe4 Qe7 24.Bb2 Bg7 25.N2c3 Nf8 26.Nxd6 Qe3+ 27.Kf1 Qxd2 28.Rxd2 
Rd8 29.b5 Be6 30.Ke1 Rxa3 31.Kd1 Bxc3 32.Bxc3 Ra2 33.c5 cxb5 34.Bxb7 Nd7 
35.c6 Nc5 36.Rd4 Bg4+ 37.Ke1 b2 38.Bxb2 Rxb2 39.f5 Re2+ 40.Kf1 Re7 41.Nc8 
Bh3+ 42.Kf2 Rxc8 43.Bxc8 Bxf5 44.Bxf5 gxf5 45.Rd8+ Kf7 46.Rd5 Ne4+ 47.Kg2 
Ke6 48.Rxb5 Rc7 49.Rb7 Rxc6 50.Rxh7 Rc2+ 51.Kg1 Ng5 52.Rh6+ Ke5 53.Kf1 Ke4
54.Rh8 Ke3 55.Rf8 Rf2+ 56.Ke1 Nf3+ 57.Kd1 Nxh2 58.Rf7 Rf1+ 59.Kc2 Ng4 60.
Kc3 Rf3 0-1

[Event "2nd EUR-ch (w)"]
[Site "Warsaw POL"]
[Date "2001.04.24"]
[Round "3.14"]
[White "Stiazhkina, Olga"]
[Black "Khurtsidze, Nino"]
[Result "0-1"]
[WhiteElo "2346"]
[BlackElo "2456"]
[EventDate "2001.04.21"]
[PlyCount "94"]

1.d4 Nf6 2.Nf3 e6 3.Bg5 h6 4.Bxf6 Qxf6 5.e4 d6 6.Nc3 g6 7.Qd2 Bg7 8.O-O-O 
a6 9.e5 Qe7 10.Ne4 dxe5 11.dxe5 Nc6 12.Qf4 g5 13.Qg3 Bd7 14.h4 O-O-O 15.
Kb1 g4 16.Qxg4 Bxe5 17.Nxe5 Nxe5 18.Qf4 Bc6 19.Be2 Ng6 20.Qe3 Kb8 21.h5 
Nh4 22.Rxd8+ Rxd8 23.f3 Nf5 24.Qf4 Qf8 25.Bd3 Qg7 26.Qc1 Nd4 27.Rg1 f5 28.
Nd2 e5 29.Qe1 f4 30.Qf2 Ne6 31.Ne4 Bxe4 32.Bxe4 Ng5 33.Qe2 Qd7 34.Bd3 Qd5 
35.Rf1 Rd6 36.a3 Rb6 37.c4 Qd4 38.Bf5 Rb3 39.Ka2 Rxb2+ 40.Qxb2 Qxc4+ 41.
Qb3 Qxf1 42.Qg8+ Ka7 43.Qg7 Qc4+ 44.Ka1 e4 45.Qxh6 e3 46.Bd3 Qxd3 47.Qxg5 
Qc3+ 0-1

[Event "2nd EUR-ch (w)"]
[Site "Warsaw POL"]
[Date "2001.04.24"]
[Round "3.15"]
[White "Matveeva, Svetlana"]
[Black "Mkrtchian, Lilit"]
[Result "0-1"]
[WhiteElo "2430"]
[BlackElo "2344"]
[EventDate "2001.04.21"]
[PlyCount "54"]

1.d4 d5 2.c4 e6 3.Nc3 Be7 4.Nf3 Nf6 5.Bg5 h6 6.Bh4 O-O 7.e3 b6 8.Be2 Bb7 
9.Bxf6 Bxf6 10.cxd5 exd5 11.b4 c6 12.O-O a5 13.b5 c5 14.Rc1 Nd7 15.dxc5 
Nxc5 16.Nd4 Bxd4 17.Qxd4 Ne6 18.Qe5 Re8 19.Rfd1 Rc8 20.Bf1 Rc5 21.Qg3 d4 
22.exd4 Nxd4 23.Qg4 Rxc3 24.Rxc3 Ne2+ 25.Bxe2 Qxd1+ 26.Bf1 Re1 27.Qc4 Bd5 
0-1